Epidemias y poder: historia, enfermedad, imperialismo

Enregistré dans:
Détails bibliographiques
Auteur principal: Watts, Sheldon (Auteur)
Format: Livre
Langue:espagnol
Publié: Santiago Andrés Bello 2000
Sujets:
Tags: Ajouter un tag
Pas de tags, Soyez le premier à ajouter un tag!

MARC

LEADER 00000nam a2200000 a 4500
001 UCM4411
003 CL-VaPUC
008 020823e20000000CL |||||||||||||||||spa|d
082 0 4 |a 303.485  |b WAT  |2 21 
100 0 |a Watts, Sheldon  |e author  |9 470951 
245 1 0 |a Epidemias y poder: historia, enfermedad, imperialismo 
300 |a 491 p 
942 |c BK 
945 |d 20020823 00:00:00  |a cmena 
260 |a Santiago  |b Andrés Bello  |c 2000 
650 0 |a Pandemias  |9 470952 
650 0 |a Epidemias  |9 342402 
650 0 |a Enfermedades infecciosas  |9 337719 
650 0 |a Cambio social   |9 256857 
650 0 |a Imperialismo  |9 258264 
650 7 |a CONFLICTOS INTERNACIONALES  |2 CL-VaPUC  |9 334143 
650 7 |a LEPRA  |2 CL-VaPUC  |9 266269 
650 0 |a Viruela  |9 436945 
650 0 |a Sífilis  |9 374219 
650 0 |a Cólera   |9 470953 
650 7 |a FIEBRE AMARILLA  |2 CL-VaPUC  |9 374496 
650 7 |a MALARIA  |2 CL-VaPUC  |9 352183 
650 0 |a Poder político  |9 255509 
583 |a last modification  |c 20020823 00:00:00  |k Rodrigo Vera 
999 |c 301131  |d 301129 
952 |0 0  |1 0  |4 0  |6 303_485000000000000_WAT_2000  |7 0  |8 A  |9 359858  |a BIBHIS  |b BIBHIS  |d 2019-11-21  |i 3837211  |l 1  |o 303.485 WAT 2000  |p 3837211  |r 2025-01-20  |s 2021-01-14  |w 2019-11-21  |y BK  |k HIS